ბათუმის შოთა რუსთაველის სახელმწიფო უნივერსიტეტის ბიბლიოთეკა

ვეფხისტყაოსანი. (ბიბ.ჩანაწერი № 43256)

000 -LEADER
fixed length control field 01012nam a2200241Ia 4500
001 - CONTROL NUMBER
control field 9983
003 - CONTROL NUMBER IDENTIFIER
control field GE_BSU
008 - FIXED-LENGTH DATA ELEMENTS--GENERAL INFORMATION
fixed length control field 181216s||||||||xx |||||||||||||| ||und||
040 ## - CATALOGING SOURCE
Transcribing agency GE_BSU
080 ## - UNIVERSAL DECIMAL CLASSIFICATION NUMBER
Universal Decimal Classification number 821.353.1–13
100 ## - MAIN ENTRY--PERSONAL NAME
Personal name რუსთაველი,შოთა
245 ## - TITLE STATEMENT
Title ვეფხისტყაოსანი.
245 ## - TITLE STATEMENT
Remainder of title საქ.სსრ მეცნ. აკადემია რუსთაველის სახ. ქართული ლიტერ–ს ისტორიის ინ–ტი
260 ## - PUBLICATION, DISTRIBUTION, ETC.
Place of publication, distribution, etc. თბილისი
260 ## - PUBLICATION, DISTRIBUTION, ETC.
Name of publisher, distributor, etc. სახელგამი
260 ## - PUBLICATION, DISTRIBUTION, ETC.
Date of publication, distribution, etc. 1951
300 ## - PHYSICAL DESCRIPTION
Extent 411გვ.პორტრ.და ილ.26სმ.
300 ## - PHYSICAL DESCRIPTION
Accompanying material დანართი გვ.398-399.
520 ## - SUMMARY, ETC.
Summary, etc. დანართ ლექსიკონი გვ.398-399.რედაქტორისაგან გვ.401-408
653 ## - INDEX TERM--UNCONTROLLED
Uncontrolled term ვეფხისტყაოსანი.
653 ## - INDEX TERM--UNCONTROLLED
Uncontrolled term ლირიკული პოემა
942 ## - ADDED ENTRY ELEMENTS (KOHA)
Koha item type წიგნი
ეგზემპლარები
Withdrawn status Lost status Damaged status Not for loan Date acquired Barcode Date last seen Price effective from Koha item type
        2018-12-17 33419 2018-12-17 2018-12-17 წიგნი
        2018-12-17 33420 2018-12-17 2018-12-17 წიგნი